000 00716nam a2200217Ii 4500
003 JO-AjNU
008 230605s9999||||xx |||||||||||||| ||und||
017 _a959
040 _aJO-AjNU
_bara
_erda
_cJO-AjNU
041 _aara
050 1 4 _aU263.K8212 1985
100 3 _aكودوين، بيتر ؛ ترجمة عائدة رضا,
_eauthor
_913044
245 0 0 _aحقائق عن الحرب النووية
264 3 1 _aمطبعة دار القادسية، 1985
300 _a144ص
336 _atext
_btxt
_2rdacontent
337 _aunmediated
_bn
_2rdamedia
338 _avolume
_bnc
_2rdacarrier
490 0 _aكتاب العلوم المترجم 1
650 4 _aالاسلحة-الاسلحة النووية
_913045
999 _aA3144
_c6712
_d6712